00622nam a2200265Ia 4500008004100000020001800041050000800059050001400067100001800081245001600099245002400115245003800139250001800177260001000195260001200205260000900217300001600226300002000242300001000262500002000272650001500292700001100307700001900318999001900337170711s9999 xx 000 0 und d a9780199134137 a330 bM938 2000 aMoynihan, Dan aEconomics : ba complete course / cby Dan Moynihan and Brian Titley. aThird edition aUSA : bOxford, c2000 a439 pages : billustrations ; c26cm. aIncludes index. aEconomics. aTitle. aTitley, Brian. c339578d339578